Drapeaux réalistes - Statistiques

Statistiques générales
  • Ce quiz a été pris 49 fois
  • Le résultat moyen est 21 sur 22
Statistiques - réponses
Par images Réponse % Correct
Brésil
100%
Canada
100%
France
100%
Inde
100%
Italie
100%
Japon
100%
Allemagne
98%
Argentine
98%
Corée du Sud
98%
États-Unis
98%
Irlande
98%
Belgique
96%
Finlande
96%
Grèce
96%
Turquie
96%
Afrique du Sud
93%
Suisse
93%
Liban
91%
Pays-Bas
91%
Égypte
87%
Mexique
87%
Autriche
80%
Aucun quiz correspondant
Distribution des résultats
% des personnes avec chaque résultat
Percentile par nombre de réponses
Votre historique - résultats
Vous n’avez pas pris ce quiz